00328nam a2200133Ia 450000500170000000800410001708200130005810000120007124500170008326000430010030000170014365000120016065000220017220240823064848.0240331s9999 xx 000 0 und d bXUNa800 aXun, Lu 0aCall to Arms aBeijingbForeign Languages Pressc1981 avi, 149 p ., aHistory aChinese - History